ATP 2025 Singles Titles by country - Statistics

General Stats
  • This quiz has been taken 29 times
  • The average score is 18 of 21
Answer Stats
Numer of titles won Country % Correct
11 Italy
100%
2 Russia
100%
8 Spain
100%
1 United Kingdom
100%
6 United States
100%
1 Argentina
97%
6 Canada
97%
1 Germany
97%
4 Serbia
97%
1 Australia
93%
2 Brazil
93%
3 France
86%
2 Norway
79%
1 Denmark
76%
1 Greece
72%
1 Netherlands
72%
1 Chile
69%
3 Czech Republic
69%
1 Hungary
62%
4 Kazakhstan
55%
1 Monaco
55%
No matching quizzes found
Score Distribution
Percent of People with Each Score
Percentile by Number Answered
Your Score History
You have not taken this quiz